000 00342nam a2200145Ia 4500
003 OSt
008 191201s2009 xx 000 0 und d
082 _a006.7
_bBAM
100 _aBANGIA, Ramesh
245 0 _aMultimedia and Web Technology
250 _aRep
260 _c2009
_bLaxmi Publications
_aNew Delhi
300 _a878
942 _2ddc
_cBK
999 _c7904
_d7904